Responses for Show #3846 - Monday, April 30, 2001

2001 Teen Tournament quarterfinal game 1.
From the Pennsylvania Convention Center in Philadelphia.

Contestants

[<< previous game]

Alexis Stephens, a senior from Philadelphia, Pennsylvania

Paige Feldman, a sophomore from St. Louis, Missouri

Caley Anderson, a junior from Santee, California

[next game >>]

Jeopardy! Round responses

FLAGS
A KATE-GORY
MEMORABLE MNEMONICS
U.S. COINS
DRUGS
DEATH & TEXAS
    $100 1
Great Britain

Paige
    $100 8
Kate Winslet

Paige
    $100 2
fall back

Alexis
    $100 12
Susan B. Anthony

Paige
    $100 15
(Alexis: What are your...the eyes?)
(Paige: What are eyes?)

blood vessels

PaigeAlexis
Triple Stumper
    $100 23
the Alamo

Paige
    $200 4
(Paige: What is hope?)

the Ship

CaleyPaige
    $200 9
Kate Hudson

Paige
    $200 3
Columbus sailed the ocean blue

Caley
    $200 13
silver

Caley
    $200 16
over the counter

Paige
    $200 24
Lyndon B. Johnson

Paige
    $300 5
cross

Caley
    $300 10
Katie Couric

Paige
    $300 17
(Caley: What are pizzas?)

planets

Caley
Triple Stumper
    $300 20
Lincoln head penny

Triple Stumper
    $300 28
rejection

Caley
    $300 25
John F. Kennedy

Paige
    $400 6
raven

Caley
    $400 11
Kate Mulgrew

Triple Stumper
    $400 18
bass clef

Caley
    $400 21
drum

Paige
    $400 29
loss of hair

Caley
    $400 26
Gene Roddenberry

Caley
    $200 7
maple leaves

Caley
    $500 14
Kate Moss

Alexis
    $500 19
the Great Lakes

Alexis
    $500 22
(Alexis: What is face?)

obverse

Alexis
Triple Stumper
    $500 30
(Alexis: What is ATD?)

AZT

Alexis
Triple Stumper
    $500 27
Jesse James

Caley

Scores at the first commercial break (after clue 14):

Caley Paige Alexis
$1,500 $600 $600

Scores at the end of the Jeopardy! Round:

Caley Paige Alexis
$3,200 $1,700 $0

Double Jeopardy! Round responses

PENN. NAMES
SENIORS PROM
BE A SALAMI SWAMI
REALLY BAD DATES
LIT ON FILM
T"EEN"
    $200 7
Reading

Alexis
    $200 22
blue

Caley
    $200 14
(Caley: What is ham?)
[Accepted as correct; reversed before Final Jeopardy!]

pork

Caley
Triple Stumper
    $200 21
tornadoes

Paige
    $200 2
Ernest Hemingway

Caley
    $200 1
canteen

Caley
    $400 8
Carnegie

Caley
    $400 23
pocket watch

Caley
    $400 15
pepperoni

Alexis
    $400 30
Israel

Paige
    $400 3
The Man in the Iron Mask

Paige
    $400 12
Sheen

Caley
    $600 9
Altoona

Alexis
    $600 24
(Alex: Minute to go.)

swing

Alexis
    $600 18
salt

Alexis
    $600 29
London

Alexis
    $1,700 4
the Grimm brothers

Paige
    $600 13
spleen

Caley
    $1,000 10
Erie

Alexis
    $800 28
herring

Triple Stumper
    $800 19
curing

Caley
    $800 27
Iceland

Alexis
    $800 5
Charlton Heston

Paige
    $800 16
Wint-O-Green

Triple Stumper
    $1000 11
Punxsutawney

Paige
    $1000 25
(Paige: What is Social Security?)

Medicare

PaigeAlexis
    $1000 20
antipasto

Triple Stumper
    $1000 26
New Zealand

Alexis
    $1000 6
Crime and Punishment

Caley
    $1000 17
silkscreen

Alexis

Scores at the end of the Double Jeopardy! Round:

Caley Paige Alexis
$7,200 $5,200 $7,800

Final Jeopardy! Round responses

HISTORIC QUOTATIONS
(Alex: The local girl does well!)
PaigeWho is Henry 8th?
$3,800
CaleyWho is Abraham Lincoln
$800
AlexisWho is Graham Coxon?
$260
Brigham Young

Final scores:

Caley Paige Alexis
$6,400 $1,400 $7,540
2nd place: $2,500 if eliminated 3rd place: $2,500 if eliminated Automatic semifinalist

Game dynamics:

Coryat scores:

Caley Paige Alexis
$7,500 $4,100 $7,600
20 R
(including 1 DD),
2 W
16 R
(including 1 DD),
3 W
14 R
(including 1 DD),
3 W

Combined Coryat: $19,200

[game clues] [game scores] [suggest correction]

Game tape date: 2001-04-11
The J! Archive is created by fans, for fans. Scraping, republication, monetization, and malicious use prohibited; this site may use cookies and collect identifying information. See terms. The Jeopardy! game show and all elements thereof, including but not limited to copyright and trademark thereto, are the property of Jeopardy Productions, Inc. and are protected under law. This website is not affiliated with, sponsored by, or operated by Jeopardy Productions, Inc. Join the discussion at JBoard.tv.